Quizzes
Events
Quiz Creation
Community
Videos
Private Events
Remove Ads
Sign In
Join for FREE
Feedback
Dark Mode
Quiz Categories
Sports
Geography
Music
Movies
Television
Just For Fun
Miscellaneous
History
Literature
Language
Science
Gaming
Entertainment
Religion
Holiday
For Kids
Quiz Lab
Recent
Popular Today
Quiz Kudos Today
Editor Picks
Curator Picks
Quizzes by...
Day
Popularity
Type
Ratings
Length
Year
Community
Subscriptions
Recent Discussions
Orange Saloon
Badges
Playlists
Quests
Create
Leaderboards
Showdown
Live 5
Trivia Bingo
Activity
Puzzle Library
Sporcle Events
Private Events
Virtual Trivia
Globe League
Become a Host
Pub Owners
SporcleCon
Opinionation
Our Games
Videos
Blog
Mobile Apps
Partnerships
Remove Ads and Go Orange
Feedback
Gaming
Video Games
Board Games
Card Games
Pokémon
Mario
Nintendo
Minecraft
Console
Toys
Legend of Zelda
Gaming
Video Games
Board Games
Card Games
Pokémon
Mario
Nintendo
Minecraft
Console
Toys
Legend of Zelda
Random Quiz
Search Sporcle
×
Quiz Lab
Quiz Lab
Gaming
Pokémon
Type in answers that appear in a list
Type in answers that appear in a list
Classic
Best Score? Go Orange.
Pokémon (Generation 4) Stats
Can you name the Pokémon (Generation 4)?
By
ryanj9d
12m
107 Questions
4,151 Plays
4,151 Plays
4,151 Plays
Comments
Comments
Give Quiz Kudos
Give Quiz Kudos
-
- Ratings
hide this ad
Replay
Link that replays current quiz
Next Quiz
Link to next quiz in quiz playlist
You Got
0%
They Got
Avg Score
71%
Avg Friend Score
Upgrade to see
Score Distribution
Jump to the score distribution portion of the page
Score
0/107
Timer
12:00
0
Plays Today
Number
Pokémon
% Correct
387
Turtwig
97.9%
390
Chimchar
97.7%
393
Piplup
97.5%
392
Infernape
96.9%
389
Torterra
96.6%
395
Empoleon
95.9%
396
Starly
94.5%
391
Monferno
94.2%
398
Staraptor
94%
394
Prinplup
93.9%
388
Grotle
93.2%
397
Staravia
93%
483
Dialga
92.8%
484
Palkia
92.8%
399
Bidoof
90.2%
487
Giratina
88.2%
405
Luxray
87.2%
400
Bibarel
87.2%
403
Shinx
87.1%
404
Luxio
85.7%
445
Garchomp
84.5%
491
Darkrai
83.8%
443
Gible
83.7%
493
Arceus
83.3%
467
Magmortar
83%
407
Roserade
82.8%
444
Gabite
82.5%
480
Uxie
81.8%
482
Azelf
81.4%
448
Lucario
81.1%
481
Mesprit
80.1%
447
Riolu
80%
466
Electivire
79.6%
406
Budew
79.2%
418
Buizel
78.8%
419
Floatzel
78.7%
Number
Pokémon
% Correct
492
Shaymin
77.6%
409
Rampardos
77.5%
408
Cranidos
77.3%
410
Shieldon
75.7%
488
Cresselia
75.5%
411
Bastiodon
74.8%
402
Kricketune
74.3%
401
Kricketot
74.3%
485
Heatran
74.1%
471
Glaceon
71.9%
470
Leafeon
71.8%
490
Manaphy
71.7%
486
Regigigas
70%
429
Mismagius
70%
460
Abomasnow
69.7%
489
Phione
69.5%
442
Spiritomb
68.5%
459
Snover
68.1%
432
Purugly
67.8%
461
Weavile
67.8%
423
Gastrodon
67.4%
422
Shellos
67.1%
431
Glameow
66.8%
425
Drifloon
66.1%
412
Burmy
65.9%
468
Togekiss
65.8%
478
Froslass
65.8%
426
Drifblim
65.2%
415
Combee
65.1%
475
Gallade
64.7%
413
Wormadam
64.2%
446
Munchlax
63.7%
464
Rhyperior
63.5%
436
Bronzor
63.4%
437
Bronzong
63.2%
434
Stunky
63.2%
Number
Pokémon
% Correct
462
Magnezone
63%
416
Vespiquen
63%
430
Honchkrow
62.9%
435
Skuntank
62.2%
479
Rotom
60.9%
454
Toxicroak
60.8%
453
Croagunk
60.6%
417
Pachirisu
60.6%
414
Mothim
59.1%
440
Happiny
58.6%
472
Gliscor
58.4%
473
Mamoswine
58.3%
439
Mime Jr.
57.9%
421
Cherrim
57.8%
420
Cherubi
57.4%
427
Buneary
56.4%
477
Dusknoir
56.4%
450
Hippowdon
56.4%
438
Bonsly
56.3%
452
Drapion
56%
465
Tangrowth
55.8%
428
Lopunny
55.7%
451
Skorupi
55.1%
449
Hippopotas
54.9%
469
Yanmega
53.5%
456
Finneon
52.5%
457
Lumineon
52.2%
474
Porygon-Z
52%
424
Ambipom
51.6%
455
Carnivine
50.9%
433
Chingling
50.6%
463
Lickilicky
48.6%
476
Probopass
48.2%
441
Chatot
46.5%
458
Mantyke
45.4%
Quiz Playlist
Details
Report
Send in Message
Add To Playlist
Classic:
Type in answers that appear in a list
Last Updated: Feb 16, 2017
Quiz Scoreboard
CHALLENGE
Sign Up to Join the Scoreboard
Show All
Scores
Hide
Comments
May contain spoilers
Recently Published
9x9 Crossword: Cartoon Network
by jackfrog10
Miscellaneous
3m
College Basketball Coaching Resumes
by pancakes188
Sports
9m
Billboard Blitz: Fleetwood Mac
by CooCooCachoo
Music
15s
More to Explore
Quiz From the Vault
Featured Blog Post
Where Did the Easter Bunny Come From?
hide this ad
You Might Also Like...
Tags
Pokémon Quiz
Generation
Today's Top Quizzes in Gaming
Browse Gaming
hide this ad
Today's Top Quizzes in Pokémon
Browse Pokémon
Top Contributed Quizzes in Gaming
1
5-to-1: Consoles
2
7-to-1: Board Game Piece Blitz
3
5-to-1: Legend of Zelda
4
League of Legends Pro Players by Career/Team History
5
Destiny 2 exotic weapons by perk icons
6
Ultimate Genshin Impact Logic Puzzle (up to 4.3)
7
Franchise by Action Figure
8
Who's on the WWE 2K24 Cover?
9
Genshin Impact Logic Puzzle Quiz
10
Overwatch Logic Puzzle
Explore More
Trending Topics
NBA
Marvel
Anime
Harry Potter
Kpop
Crossword
Disney
Country
The Office
Pokémon
WWE
Soccer
Song
Puzzle
NFL
hide this ad
More By:
ryanj9d
Quiz
Plays
Rating
Category
Featured
Created
Pokémon (Generation 4)
4,151
5.00
Gaming
Aug 26, 2016
Go to Creator's Profile
Score Distribution
Quiz Creator Spotlight
ryanj9d
Follow
Send a Message
Quizzes Created
-
Created Quiz Play Count
-
More By This Creator
Popular Quizzes Today
1
Find the US States - No Outlines Minefield
2
Find the Countries of Europe - No Outlines Minefield
3
The Countries of the World
4
Find the US States
5
Risky Map Clicking: Biggest States A-Z
6
US States
7
Popular People in 1961
8
Movies - When Are They Set?
More Gaming Quizzes
Pokémon Min/Max - Fire
Quiz Lab
Trending Quizzes
Risky Map Clicking: Least Populous States A-Z
1-10 Letter G Words
1-10 Letter F Words
Risky Map Clicking: Next State Alphabetically
Adjectives in 80s TV Shows
Recently Updated
Leaping Animals
pecheneg
Reality TV Shows (A-Z)
bhenderson79
Rickey Henderson's Hall of Fame Teammates
pecheneg
Champions League XIs: Arsenal
pecheneg
Quick Pick: Celebrities in WWE's Hall of Fame
aduchscher
A-Z Keypad Blitz II
pecheneg
Multiple Oscar Actors
pecheneg
Mystery Phrase Blitz: Oscar 'Best Actors'
pecheneg
F. Scott Fitzgerald Novels
LTH
Pick 3 Villains
ddd62291
Trending Topics
Crossword
Disney
Harry Potter
Anime
NBA
Kpop
Marvel
Song
Country
The Office
Soccer
NFL
Puzzle
Pokémon
WWE
Your Account Isn't Verified!
In order to create a playlist on Sporcle, you need to verify the email address you used during registration. Go to your
Sporcle Settings
to finish the process.
Report this User
Report this user for behavior that violates our
Community Guidelines
.
Details:
Send Report
Go to the Sporcle.com Mobile Site →
Comments